000 00519nam a2200181Ia 4500
008 230720s9999 xx 000 0 und d
020 _a9789332574120
041 _aeng
082 _a658
_bROB
100 _aRobbins S.P.
245 _aFundamentals of Management
_bEssential Concepts And Applications
250 _a9th ed.
260 _c2017
_bPearson
300 _a504
365 _cRs.
_b875
700 _aRobbins S.P.; Coulter M. & Cenzo D.D.
_9117464
906 _dO:0793711-Mar-2023B:36009-Mar-2023
_cTE
_b1531.25
999 _c355224
_d355224